[Event "EU-ch Online U2300 Qual"]
[Site "Chess.com INT"]
[Date "2020.05.25"]
[Round "3"]
[White "Stepanov, Artem"]
[Black "Aliyeva, Aygun"]
[Result "1/2-1/2"]
[WhiteElo "1622"]
[BlackElo "2170"]
[PlyCount "106"]
[EventDate "2020.05.25"]
[EventType "swiss"]
[EventRounds "8"]
[EventCountry "NET"]
[SourceTitle "EXT 2021"]
[Source "ChessBase"]
[SourceDate "2020.10.23"]
[SourceVersion "1"]
[SourceVersionDate "2020.10.23"]
[SourceQuality "1"]

1. e4 e6 2. d4 d5 3. Nc3 Nf6 4. Bg5 dxe4 5. Nxe4 Be7 6. Bxf6 Bxf6 7. Nxf6+ Qxf6 8. c3 b6 9. Nf3 Bb7 10. Be2 Nd7 11. 0-0 0-0 12. Re1 Rfd8 13. Qc2 c5 14. Rad1 cxd4 15. Nxd4 Ne5 16. Bf1 Rxd4 17. cxd4 Nf3+ 18. Kh1 Nxe1 19. Rxe1 Qxd4 20. Rd1 Qe5 21. Rd7 Qe1 22. Kg1 Qe4 23. Qc7 Bd5 24. Rxf7 Qd4 25. Rf4 Qc5 26. Qxc5 bxc5 27. b3 Rf8 28. Rxf8+ Kxf8 29. Bc4 Ke7 30. Kf1 Kd6 31. f4 e5 32. fxe5+ Kxe5 33. Bxd5 Kxd5 34. Ke2 Kd4 35. Kd2 c4 36. bxc4 Kxc4 37. Kc2 h5 38. h4 g6 39. g3 Kd4 40. Kd2 Ke4 41. Ke2 a5 42. Kf2 Kd3 43. g4 hxg4 44. Kg3 Kc2 45. Kxg4 Kb2 46. Kg5 Kxa2 47. Kxg6 a4 48. h5 Kb1 49. h6 a3 50. h7 a2 51. h8Q a1Q 52. Qh1+ Kb2 53. Qxa1+ Kxa1 1/2-1/2